All Governors of Oregon - Statistics

General Stats
  • This quiz has been taken 3 times
  • The average score is 11 of 39
Answer Stats
Years Served Party Governor % Correct
1995 - 2003 Democrat John Kitzhaber
100%
2011 - 2015 Democrat John Kitzhaber
100%
2015 - 2023 Democrat Kate Brown
100%
2023 - Present Democrat Tina Kotek
100%
1991 - 1995 Democrat Barbara Roberts
67%
1947 - 1949 Republican John Hubert Hall
67%
1979 - 1987 Republican Victor Atiyeh
67%
1939 - 1943 Republican Charles A. Sprague
33%
1935 - 1939 Democrat Charles Martin
33%
1956 - 1957 Repulican Elmo Smith
33%
1909 - 1910 Republican Frank W. Benson
33%
1866 - 1870 Republican George Lemuel Woods
33%
1915 - 1919 Republican James Withycombe
33%
1910 - 1911 Republican Jay Bowerman
33%
1858 - 1862 Democrat John Whiteaker
33%
1931 - 1935 Independent Julius Meier
33%
1870 -1877 Democrat La Fayette Grover
33%
1959 - 1967 Republican Mark Hatfield
33%
1911 - 1915 Democrat Oswald West
33%
1952 - 1956 Republican Paul L. Patterson
33%
1887 - 1895 Democrat Sylvester Pennoyer
33%
2003 - 2011 Democrat Ted Kulongoski
33%
1895 - 1899 Republican William Paine Lord
33%
1862 - 1866 Republican A. C. Gibbs
0%
1929 - 1931 Republican Albin Walter Norblad Sr.
0%
1919 - 1923 Republican Ben W. Olcott
0%
1949 - 1952 Republican Douglas McKay
0%
1943 - 1947 Republican Earl Snell
0%
1903 - 1909 Democrat George Earle Chamberlain
0%
1927 - 1929 Republican I. L. Patterson
0%
1987 - 1991 Democrat Neil Goldschmidt
0%
1957 - 1959 Democrat Robert D. Holmes
0%
1975 - 1979 Democrat Robert W. Straub
0%
1877 - 1878 Democrat Stephen F. Chadwick
0%
1899 - 1903 Republican Theodore Thurston Geer
0%
1967 - 1975 Republican Tom McCall
0%
1923 - 1927 Democrat Walter M. Pierce
0%
1878 - 1882 Democrat W. W. Thayer
0%
1882 - 1887 Republican Zenas Ferry Moody
0%
No matching quizzes found
Score Distribution
Percent of People with Each Score
Percentile by Number Answered
Your Score History
You have not taken this quiz